YEsu dEvaputra (Record no. 215268)
[ view plain ]
| 000 -LEADER | |
|---|---|
| fixed length control field | 00584nam a2200157Ia 4500 |
| 008 - FIXED-LENGTH DATA ELEMENTS--GENERAL INFORMATION | |
| fixed length control field | 210719s2004 xx 000 0 und d |
| 041 ## - LANGUAGE CODE | |
| Language code of text/sound track or separate title | kan |
| 082 ## - DEWEY DECIMAL CLASSIFICATION NUMBER | |
| Classification number | 225K RABY |
| 100 ## - MAIN ENTRY--PERSONAL NAME | |
| Personal name | RABART PAUL |
| 245 ## - TITLE STATEMENT | |
| Title | YEsu dEvaputra |
| Remainder of title | SamadrasTi shubhasandEshagaLa hinnele hAgU mArkana shubhasandEshada vIkshaka vivaraNe mattu vimarshe |
| 260 ## - PUBLICATION, DISTRIBUTION, ETC. | |
| Place of publication, distribution, etc. | BengaLUru |
| Date of publication, distribution, etc. | 2004 |
| 300 ## - PHYSICAL DESCRIPTION | |
| Extent | xviii,251 |
| Other physical details | PB |
| 650 ## - SUBJECT ADDED ENTRY--TOPICAL TERM | |
| Topical term or geographic name entry element | Bible |
| 650 ## - SUBJECT ADDED ENTRY--TOPICAL TERM | |
| Topical term or geographic name entry element | Christianity |
| 906 ## - LOCAL DATA ELEMENT F, LDF (RLIN) | |
| a | dEvaputra ; hAgU ; hinnele ; mArkana ; mattu ; SamadrasTi ; shubhasandEshada ; shubhasandEshagaLa ; vIkshaka ; vimarshe ; vivaraNe ; YEsu |
| Withdrawn status | Lost status | Damaged status | Not for loan | Collection code | Home library | Current library | Date acquired | Total Checkouts | Full call number | Barcode | Date last seen | Price effective from | Koha item type |
|---|---|---|---|---|---|---|---|---|---|---|---|---|---|
| St Aloysius Library | St Aloysius Library | 03/21/2011 | 225K RABY | D03885 | 07/19/2021 | 07/19/2021 | Donated Books |